MARC

LEADER 00000nam0a2200000 4500
001 270032
005 20231101234318.0
035 |a (RuTPU)RU\TPU\book\293212 
090 |a 270032 
100 |a 20140923d1986 m y0rusy50 ca 
101 0 |a rus 
102 |a RU 
105 |a a j 001zy 
200 1 |a Оптимизация технологических процессов механической обработки деталей машин  |e учебное пособие  |f А. В. Королев, В. В. Болкунов  |g Саратовский политехнический институт (СПИ) 
210 |a Саратов  |c Изд-во СПИ  |d 1986 
215 |a 80 с.  |c ил. 
320 |a Библиогр.: с. 77-79 
606 1 |a Детали машин  |x Технологичность  |2 stltpush  |3 (RuTPU)RU\TPU\subj\9231  |9 36507 
610 1 |a технологические процессы 
610 1 |a оптимизация 
610 1 |a механическая обработка 
610 1 |a учебные пособия 
610 1 |a математическая модель 
610 1 |a проектные технологии 
610 1 |a рабочие процессы 
675 |a 621.81.002(075.8)  |v 3 
700 1 |a Королев  |b А. В.  |g Альберт Викторович 
701 1 |a Болкунов  |b В. В.  |g Владимир Васильевич 
712 0 2 |a Саратовский политехнический институт (СПИ)  |c (1960-1992)  |2 stltpush  |3 (RuTPU)RU\TPU\col\283 
801 1 |a RU  |b 63413507  |c 20140923 
801 2 |a RU  |b 63413507  |c 20170303  |g RCR 
942 |c BK